[Event "Berkeley International"]
[Site "Berkeley"]
[Date "2011.01.03"]
[Round "4"]
[White "Panchanathan, Magesh"]
[Black "Van Wely, Loek"]
[Result "0-1"]
[WhiteElo "2537"]
[BlackElo "2676"]
[PlyCount "138"]
[EventDate "2011.01.02"]
[EventRounds "10"]
[EventCountry "USA"]
[SourceDate "2011.01.03"]

1. e4 c5 2. Nf3 d6 3. d4 cxd4 4. Nxd4 Nf6 5. Nc3 a6 6. Be2 e6 7. O-O Be7 8. a4
Nc6 9. Be3 O-O 10. f4 Qc7 11. Kh1 Re8 12. Qe1 Nxd4 13. Bxd4 e5 14. Be3 exf4 15.
Bxf4 Be6 16. a5 Nd7 17. Qg3 Ne5 18. Be3 Bf8 19. Bb6 Qc6 20. Rfd1 g6 21. Ra4 Nd7
22. Be3 Rac8 23. Bf4 Ne5 24. Rb4 Qc7 25. Rb6 Red8 26. h4 Bg7 27. h5 Bf6 28. Bg5
Bxg5 29. Qxg5 Rd7 30. h6 Qd8 31. Qxd8+ Rcxd8 32. Rd4 Nc6 33. Ra4 Rc7 34. Bc4
Ne5 35. Be2 Kf8 36. Rab4 Bc8 37. Bd3 Rc5 38. Rd4 Rxa5 39. Rbxd6 Rxd6 40. Rxd6
Ke7 41. Rb6 Nd7 42. Rb4 Rh5+ 43. Kg1 Rxh6 44. Nd5+ Kd8 45. Rd4 g5 46. Ne3 Kc7
47. Rd5 Rg6 48. Rf5 f6 49. Rf1 Rg7 50. Nd5+ Kd6 51. Nxf6 Nxf6 52. Rxf6+ Ke5 53.
Rh6 Rf7 54. Bc4 Rc7 55. Bd3 Be6 56. Kf2 Rg7 57. Ke3 Bf7 58. Rb6 Bg6 59. Rb4 Be8
60. Rc4 h5 61. Rc5+ Kd6 62. Rd5+ Kc7 63. Re5 Bd7 64. Rc5+ Kd8 65. e5 h4 66. Be4
Be6 67. Bd5 b6 68. Bxe6 bxc5 69. Ke4 g4 0-1

[Event "Berkeley International"]
[Site "Berkeley"]
[Date "2011.01.03"]
[Round "4"]
[White "Ravichandran, Siddharth"]
[Black "Hess, Robert L"]
[Result "0-1"]
[WhiteElo "2458"]
[BlackElo "2572"]
[PlyCount "84"]
[EventDate "2011.01.02"]
[EventRounds "10"]
[EventCountry "USA"]
[SourceDate "2011.01.03"]

1. d4 Nf6 2. Nf3 e6 3. Bf4 c5 4. e3 Qb6 5. Qc1 d5 6. Nbd2 Nc6 7. c3 Nh5 8. Bg5
h6 9. Bh4 g5 10. Bg3 g4 11. dxc5 Bxc5 12. Nd4 Nxg3 13. hxg3 e5 14. Nxc6 bxc6
15. Rh5 f5 16. Qc2 e4 17. Nb3 Be7 18. Nd4 Bg5 19. Qb3 Bd7 20. Qxb6 axb6 21. f4
gxf3 22. gxf3 Kf7 23. f4 Kg6 24. Be2 Bf6 25. Kf2 c5 26. Nc2 Ba4 27. Rc1 Bb5 28.
Bxb5 Kxh5 29. a3 Rad8 30. Rd1 Rd6 31. Bc4 Rhd8 32. Be2+ Kg6 33. Rh1 d4 34. cxd4
cxd4 35. exd4 Bxd4+ 36. Nxd4 Rxd4 37. Ke3 Rd3+ 38. Bxd3 Rxd3+ 39. Kf2 Rd2+ 40.
Ke3 Rxb2 41. Rg1 Rb3+ 42. Ke2 Kh5 0-1

[Event "Berkeley International"]
[Site "Berkeley"]
[Date "2011.01.03"]
[Round "4"]
[White "Rensch, Daniel"]
[Black "Liou, Yian"]
[Result "1/2-1/2"]
[WhiteElo "2393"]
[BlackElo "2285"]
[PlyCount "136"]
[EventDate "2011.01.02"]
[EventRounds "10"]
[EventCountry "USA"]
[SourceDate "2011.01.03"]

1. e4 c5 2. Nf3 e6 3. d4 cxd4 4. Nxd4 a6 5. Bd3 Nf6 6. O-O Qc7 7. Qe2 d6 8. c4
Nbd7 9. Nc3 Be7 10. Be3 O-O 11. Rac1 b6 12. f4 Bb7 13. f5 Nc5 14. Bf2 Nfd7 15.
Bb1 exf5 16. Nxf5 Bf6 17. Bg3 Ne5 18. b4 Ncd7 19. Nd5 Bxd5 20. exd5 g6 21. Nh6+
Kg7 22. Ng4 Nxg4 23. Qxg4 h5 24. Qd1 Rae8 25. Qa4 Bd4+ 26. Kh1 Nb8 27. Qd1 Be5
28. Bf2 Nd7 29. Qa4 a5 30. a3 axb4 31. axb4 Ra8 32. Qb5 Rab8 33. Bg1 f5 34. Be3
Nf6 35. Bxf5 gxf5 36. Rxf5 Ne4 37. Rxh5 Rh8 38. Rxh8 Rxh8 39. g3 Nxg3+ 40. Kg2
Ne2 41. Rh1 Qc8 42. Kf2 Qg4 43. Qxb6 Rf8+ 44. Ke1 Bc3+ 45. Bd2 Bd4 46. Qxd6
Bf2+ 47. Kd1 Ng3+ 48. Kc2 Qe4+ 49. Kb3 Rf3+ 50. Ka4 Qe8+ 51. Qc6 Qxc6+ 52. dxc6
Nxh1 53. c7 Rf8 54. Kb5 Bg1 55. Kc6 Bxh2 56. b5 Rf6+ 57. Kb7 Rf7 58. b6 Nf2 59.
Bc3+ Kf8 60. Kc6 Bxc7 61. bxc7 Rxc7+ 62. Kxc7 Ke7 63. Kc6 Ke6 64. Be1 Nd3 65.
Bc3 Nf2 66. Bb4 Nd3 67. Kb5 Ne5 68. c5 Kd5 1/2-1/2

[Event "Berkeley International"]
[Site "Berkeley"]
[Date "2011.01.03"]
[Round "4"]
[White "Shmeliov, Denis"]
[Black "Ris, Robert"]
[Result "1-0"]
[WhiteElo "2357"]
[BlackElo "2418"]
[PlyCount "95"]
[EventDate "2011.01.02"]
[EventRounds "10"]
[EventCountry "USA"]
[SourceDate "2011.01.03"]

1. d4 Nf6 2. c4 g6 3. Nc3 d5 4. Nf3 Bg7 5. Bg5 Ne4 6. cxd5 Nxg5 7. Nxg5 e6 8.
Qa4+ c6 9. dxc6 Nxc6 10. Nf3 Bd7 11. Qd1 Qb6 12. Qd2 Nxd4 13. O-O-O Bc6 14.
Nxd4 O-O-O 15. e3 e5 16. Nxc6 Rxd2 17. Ne7+ Kb8 18. Rxd2 e4 19. Ned5 Qc5 20.
Be2 f5 21. Rc2 Rd8 22. Rd1 Rc8 23. Rdd2 Qa5 24. Nb5 Rxc2+ 25. Kxc2 Bxb2 26.
Ndc3 Ba1 27. Rd1 Bxc3 28. Nxc3 Qc7 29. g3 a6 30. Rd4 Qe7 31. Bc4 Ka7 32. Bd5
Kb8 33. Kb3 Ka7 34. Rb4 b6 35. Rc4 b5 36. Rc8 Kb6 37. Rc6+ Ka5 38. a3 Qd7 39.
Kb2 Qg7 40. Kb3 Qd7 41. Rf6 Qg7 42. Rf7 Qh6 43. h4 Kb6 44. Rf6+ Ka7 45. Kb4 Qh5
46. Kc5 Qf3 47. Rf7+ Kb8 48. Bc6 1-0

[Event "Berkeley International"]
[Site "Berkeley"]
[Date "2011.01.03"]
[Round "4"]
[White "Troff, Kayden"]
[Black "Zepeda, Lorena"]
[Result "1-0"]
[WhiteElo "2247"]
[BlackElo "2202"]
[PlyCount "65"]
[EventDate "2011.01.02"]
[EventRounds "10"]
[EventCountry "USA"]
[SourceDate "2011.01.03"]

1. d4 Nf6 2. c4 g6 3. Nc3 Bg7 4. e4 d6 5. f4 O-O 6. Nf3 c5 7. d5 e6 8. Be2 exd5
9. cxd5 Re8 10. e5 dxe5 11. fxe5 Ng4 12. e6 fxe6 13. d6 a6 14. O-O Nd7 15. Ne4
Qb6 16. Nfg5 Nge5 17. Qc2 Qc6 18. Bf4 b6 19. Nxh7 Kxh7 20. Ng5+ Kg8 21. Bxe5
Nxe5 22. Bf3 Nxf3+ 23. Rxf3 Bd4+ 24. Kh1 Ra7 25. Qxg6+ Rg7 26. Qh5 Bb7 27. Raf1
Rd8 28. Nf7 Qd5 29. Nh6+ Kh7 30. Nf5+ Kg8 31. Ne7+ Rxe7 32. Qxd5 Bxd5 33. dxe7
1-0

[Event "Berkeley International"]
[Site "Berkeley"]
[Date "2011.01.03"]
[Round "4"]
[White "Uesugi, Shinsaku"]
[Black "Manvelyan, Hayk"]
[Result "1-0"]
[WhiteElo "2331"]
[BlackElo "2158"]
[PlyCount "79"]
[EventDate "2011.01.02"]
[EventRounds "10"]
[EventCountry "USA"]
[SourceDate "2011.01.03"]

1. Nf3 e6 2. g3 d5 3. Bg2 f5 4. O-O Nf6 5. c4 c6 6. d3 Bd6 7. Nc3 O-O 8. e4
dxe4 9. dxe4 e5 10. Qe2 Qe7 11. Re1 Re8 12. exf5 Bxf5 13. Nh4 Be6 14. Bg5 Nbd7
15. Rad1 Rad8 16. Be4 Bc5 17. Bf5 Bxf5 18. Nxf5 Qe6 19. g4 Rf8 20. h3 Rde8 21.
Be3 Bxe3 22. Qxe3 Nb6 23. Qg5 g6 24. Rd6 Qxc4 25. Rxf6 Rxf6 26. Qxf6 gxf5 27.
Qxf5 Qe6 28. Qxe6+ Rxe6 29. f4 Nd7 30. Rd1 Re7 31. f5 Kf7 32. Kf2 a5 33. Ne4
Nf6 34. Nxf6 Kxf6 35. Rd6+ Kf7 36. Ke3 Re8 37. Ke4 Re7 38. h4 Re8 39. g5 Re7
40. h5 1-0

[Event "Berkeley International"]
[Site "Berkeley"]
[Date "2011.01.03"]
[Round "4"]
[White "Yang, Darwin"]
[Black "Yankovsky, Roman"]
[Result "0-1"]
[WhiteElo "2421"]
[BlackElo "2359"]
[PlyCount "80"]
[EventDate "2011.01.02"]
[EventRounds "10"]
[EventCountry "USA"]
[SourceDate "2011.01.03"]

1. d4 Nf6 2. c4 c5 3. d5 b5 4. cxb5 a6 5. b6 g6 6. Nc3 d6 7. Nf3 Nbd7 8. a4 a5
9. e4 Bg7 10. Bb5 O-O 11. O-O Nxb6 12. Qe2 Bd7 13. Rd1 Bxb5 14. Nxb5 Ne8 15.
Bf4 Nc7 16. Nc3 Qd7 17. e5 Rad8 18. Bg5 f6 19. e6 Qc8 20. Bd2 Qa8 21. h4 Rb8
22. h5 Qa6 23. Qxa6 Nxa6 24. hxg6 hxg6 25. Nh4 Kh7 26. g3 Bh6 27. Bxh6 Kxh6 28.
Kg2 Nc4 29. Rh1 Kg7 30. Ne2 Rg8 31. Nf4 Ne5 32. Rh3 Kf8 33. Ne2 Rxb2 34. Kf1
Nb4 35. f4 Ng4 36. Ng2 Kg7 37. Rh4 f5 38. Rd1 Rh8 39. Rxh8 Kxh8 40. Rc1 Nxd5
0-1

[Event "Berkeley International"]
[Site "Berkeley"]
[Date "2011.01.04"]
[Round "5"]
[White "Abrahamyan, Tatev"]
[Black "Kleinman, Michael"]
[Result "1/2-1/2"]
[WhiteElo "2327"]
[BlackElo "2127"]
[PlyCount "79"]
[EventDate "2011.01.02"]
[EventRounds "10"]
[EventCountry "USA"]
[SourceDate "2011.01.03"]

1. e4 c5 2. Nf3 d6 3. d4 cxd4 4. Nxd4 Nf6 5. Nc3 g6 6. Be3 Bg7 7. f3 Nc6 8. Bc4
O-O 9. Bb3 Bd7 10. h4 h5 11. Qd2 Rc8 12. O-O-O Ne5 13. Bg5 Rc5 14. g4 hxg4 15.
f4 Nc4 16. Qe2 Na5 17. e5 Nxb3+ 18. Nxb3 Rxc3 19. bxc3 Bc6 20. Rhf1 Nd5 21. h5
Nxc3 22. Qxg4 Nxd1 23. Rxd1 Qc8 24. Qh4 Be4 25. Rd2 f6 26. hxg6 Bxg6 27. exf6
Bxf6 28. Rg2 Qf5 29. Qh2 Kf7 30. Bxf6 Qxf6 31. f5 Bxf5 32. Qh5+ Ke6 33. Qf3 Rh8
34. Rf2 Rh4 35. Qxb7 Re4 36. Qc8+ Ke5 37. Qc3+ Ke6 38. Qc8+ Ke5 39. Qc3+ Ke6
40. Qc8+ 1/2-1/2

[Event "Berkeley International"]
[Site "Berkeley"]
[Date "2011.01.04"]
[Round "5"]
[White "Carreto Nieto, Giovanni"]
[Black "Pruess, David"]
[Result "0-1"]
[WhiteElo "2231"]
[BlackElo "2377"]
[PlyCount "66"]
[EventDate "2011.01.02"]
[EventRounds "10"]
[EventCountry "USA"]
[SourceDate "2011.01.03"]

1. e4 c5 2. Nf3 d6 3. d4 cxd4 4. Nxd4 Nf6 5. Nc3 a6 6. Bc4 e6 7. Bb3 b5 8. O-O
Be7 9. Qf3 Qc7 10. a3 Nc6 11. Nxc6 Qxc6 12. Re1 Bb7 13. Qg3 O-O 14. Bg5 Nh5 15.
Qh4 Bxg5 16. Qxg5 Qc5 17. Qh4 Qe5 18. Rad1 Rfd8 19. Re3 a5 20. a4 b4 21. Nb5
Nf6 22. f3 d5 23. Red3 Qxb2 24. Rd4 Bc6 25. e5 Ne8 26. Na7 Qc3 27. f4 Bd7 28.
Nb5 Qc5 29. f5 Bxb5 30. axb5 exf5 31. Kh1 Nc7 32. Qg5 Ne6 33. Rxd5 Qxd5 0-1

[Event "Berkeley International"]
[Site "Berkeley"]
[Date "2011.01.04"]
[Round "5"]
[White "Collins, Sam"]
[Black "Shmeliov, Denis"]
[Result "0-1"]
[WhiteElo "2436"]
[BlackElo "2357"]
[PlyCount "82"]
[EventDate "2011.01.02"]
[EventRounds "10"]
[EventCountry "USA"]
[SourceDate "2011.01.03"]

1. g3 Nf6 2. Bg2 e6 3. c4 c5 4. Nf3 Nc6 5. O-O Be7 6. Nc3 O-O 7. d4 cxd4 8.
Nxd4 a6 9. b3 Qc7 10. Bb2 d6 11. Rc1 Ne5 12. Qd2 Bd7 13. h3 Rad8 14. Rfd1 Qb8
15. a4 Nc6 16. Ba3 Nxd4 17. Qxd4 Bc6 18. e4 Rfe8 19. a5 Bf8 20. b4 d5 21. exd5
exd5 22. cxd5 Bd7 23. Bb2 Qd6 24. Ba3 Qb8 25. d6 Bc6 26. Bxc6 bxc6 27. Qb6 Qc8
28. b5 axb5 29. Nxb5 Qxh3 30. Qxc6 Ne4 31. Re1 Nxg3 32. Rxe8 Rxe8 33. fxg3
Qxg3+ 34. Qg2 Qe3+ 35. Qf2 Qg5+ 36. Qg2 Qxb5 37. Qc6 Qg5+ 38. Qg2 Qe3+ 39. Qf2
Qxa3 40. Rc7 Qb3 41. d7 Qd1+ 0-1

[Event "Berkeley International"]
[Site "Berkeley"]
[Date "2011.01.04"]
[Round "5"]
[White "Cornejo, Max"]
[Black "Coleman, Teddy"]
[Result "1/2-1/2"]
[WhiteElo "2413"]
[BlackElo "2282"]
[PlyCount "88"]
[EventDate "2011.01.02"]
[EventRounds "10"]
[EventCountry "USA"]
[SourceDate "2011.01.03"]

1. e4 c5 2. Nf3 e6 3. c3 Nf6 4. e5 Nd5 5. d4 cxd4 6. cxd4 d6 7. Bc4 Nb6 8. Bd3
dxe5 9. dxe5 Na6 10. Bg5 Be7 11. Bxe7 Qxe7 12. Nc3 Nc5 13. O-O Nxd3 14. Qxd3
O-O 15. a4 a5 16. Qe4 Qb4 17. Rfd1 Qxe4 18. Nxe4 Bd7 19. b3 Bc6 20. Nd6 Bd5 21.
Nd4 Nd7 22. Re1 Rfd8 23. f4 g5 24. f5 Nxe5 25. Rxe5 Rxd6 26. fxe6 fxe6 27.
Rxg5+ Kh8 28. Re1 Rg8 29. Rxg8+ Kxg8 30. Re3 Kf7 31. g4 Kf6 32. h4 Rd8 33. g5+
Kf7 34. Kf2 Rc8 35. Kg3 Rc1 36. Nf3 Rb1 37. Ne5+ Ke7 38. Nc4 Bxc4 39. bxc4 Rb4
40. Re5 Rxa4 41. Rb5 Rb4 42. Rxa5 Rxc4 43. Rb5 Rc7 44. Rb6 Kf7 1/2-1/2

[Event "Berkeley International"]
[Site "Berkeley"]
[Date "2011.01.04"]
[Round "5"]
[White "Friedel, Joshua E"]
[Black "Van Wely, Loek"]
[Result "0-1"]
[WhiteElo "2508"]
[BlackElo "2676"]
[PlyCount "70"]
[EventDate "2011.01.02"]
[EventRounds "10"]
[EventCountry "USA"]
[SourceDate "2011.01.03"]

1. e4 c5 2. Nf3 d6 3. d4 cxd4 4. Nxd4 Nf6 5. Nc3 a6 6. f4 e6 7. Bd3 Nbd7 8. O-O
b5 9. a3 Bb7 10. Kh1 g6 11. Be3 Bg7 12. Bxb5 axb5 13. Ndxb5 O-O 14. Nxd6 Bc6
15. e5 Ne8 16. Nce4 Ra4 17. c4 Qa8 18. Qc2 f5 19. Nc5 Nxd6 20. Nxa4 Bxa4 21. b3
Ne4 22. bxa4 g5 23. Qb2 gxf4 24. Bxf4 Rb8 25. Qd4 Ndc5 26. Qd1 Rb2 27. Qf3 Qxa4
28. Rab1 Rxb1 29. Rxb1 h6 30. Rc1 Nd3 31. Rb1 Qxc4 32. Bxh6 Bxh6 33. Qh5 Nef2+
34. Kg1 Nh3+ 35. gxh3 Be3+ 0-1

[Event "Berkeley International"]
[Site "Berkeley"]
[Date "2011.01.04"]
[Round "5"]
[White "Gareev, Timur"]
[Black "Ravichandran, Siddharth"]
[Result "1-0"]
[WhiteElo "2605"]
[BlackElo "2458"]
[PlyCount "107"]
[EventDate "2011.01.02"]
[EventRounds "10"]
[EventCountry "USA"]
[SourceDate "2011.01.03"]

1. d4 d5 2. c4 c6 3. Nf3 Nf6 4. e3 g6 5. Nc3 Bg7 6. Bd3 O-O 7. O-O a6 8. Bd2 b5
9. b3 Bb7 10. Qe2 Nbd7 11. e4 dxe4 12. Nxe4 Nxe4 13. Bxe4 e5 14. dxe5 Nxe5 15.
Rad1 Re8 16. Bf4 Qb6 17. Bxe5 Bxe5 18. Qc2 Bf6 19. Rd7 Rac8 20. Rfd1 Ba8 21. c5
Qb8 22. g3 Rcd8 23. b4 Qc8 24. R7d6 Be7 25. Rxd8 Bxd8 26. Qd2 Bf6 27. Qf4 Kg7
28. Rd6 Re6 29. h4 Rxd6 30. cxd6 h5 31. Nd2 Qe6 32. Nf3 Bb7 33. a3 Qe8 34. Ne1
Be5 35. d7 Qe6 36. d8=N Qe7 37. Qd2 Bf6 38. Nxb7 Qxe4 39. Nd6 Qe5 40. Nf3 Qa1+
41. Kg2 Be7 42. Qf4 Bxd6 43. Qxd6 Qxa3 44. Qd4+ Kg8 45. Ne5 Qb3 46. Nxc6 Qe6
47. Ne5 Kh7 48. Nd7 Qc6+ 49. Kh2 Kg8 50. Nc5 Qb6 51. Qd5 Kg7 52. Qa8 Qf6 53.
Kg2 Qd4 54. Nxa6 1-0

[Event "Berkeley International"]
[Site "Berkeley"]
[Date "2011.01.04"]
[Round "5"]
[White "Gupta, Ankit"]
[Black "Kavutskiy, Konstantin"]
[Result "1/2-1/2"]
[WhiteElo "2258"]
[BlackElo "2170"]
[PlyCount "21"]
[EventDate "2011.01.02"]
[EventRounds "10"]
[EventCountry "USA"]
[SourceDate "2011.01.03"]

1. e4 e6 2. d4 d5 3. Nc3 Nf6 4. Bg5 Bb4 5. e5 h6 6. Bd2 Bxc3 7. bxc3 Ne4 8. Qg4
g6 9. Bd3 Nxd2 10. Kxd2 c5 11. h4 1/2-1/2

[Event "Berkeley International"]
[Site "Berkeley"]
[Date "2011.01.04"]
[Round "5"]
[White "Gurevich, Daniel"]
[Black "Evans, Bela"]
[Result "0-1"]
[WhiteElo "2078"]
[BlackElo "2262"]
[PlyCount "54"]
[EventDate "2011.01.02"]
[EventRounds "10"]
[EventCountry "USA"]
[SourceDate "2011.01.03"]

1. e4 e6 2. d4 d5 3. exd5 exd5 4. Bd3 c5 5. dxc5 Bxc5 6. Nc3 Nf6 7. Qe2+ Be6 8.
Bg5 O-O 9. O-O-O h6 10. Bh4 Nc6 11. Nf3 Re8 12. Rhe1 Bb4 13. Bb5 g5 14. Nxg5
Bxc3 15. bxc3 Bg4 16. Qd2 Bxd1 17. Kxd1 Qa5 18. Bxc6 bxc6 19. Re3 Qb6 20. Nf3
Rxe3 21. fxe3 Ne4 22. Qd3 Qb1+ 23. Ke2 Qh1 24. Ne1 Qxh2 25. Bf2 Re8 26. c4 Nxf2
27. Kxf2 Qh4+ 0-1

[Event "Berkeley International"]
[Site "Berkeley"]
[Date "2011.01.04"]
[Round "5"]
[White "Hess, Robert L"]
[Black "Erenburg, Sergey"]
[Result "1/2-1/2"]
[WhiteElo "2572"]
[BlackElo "2600"]
[PlyCount "24"]
[EventDate "2011.01.02"]
[EventRounds "10"]
[EventCountry "USA"]
[SourceDate "2011.01.03"]

1. e4 c6 2. Nc3 d5 3. d4 dxe4 4. Nxe4 Bf5 5. Ng3 Bg6 6. N1e2 e6 7. Nf4 Bd6 8.
Ngh5 Bxh5 9. Nxh5 g6 10. Ng3 Nf6 11. c3 Nbd7 12. Qf3 a5 1/2-1/2

[Event "Berkeley International"]
[Site "Berkeley"]
[Date "2011.01.04"]
[Round "5"]
[White "Kiewra, Keaton F"]
[Black "Bojkov, Dejan"]
[Result "1/2-1/2"]
[WhiteElo "2337"]
[BlackElo "2544"]
[PlyCount "136"]
[EventDate "2011.01.02"]
[EventRounds "10"]
[EventCountry "USA"]
[SourceDate "2011.01.03"]

1. e4 e5 2. Nf3 Nc6 3. Bb5 a6 4. Ba4 Nf6 5. d4 exd4 6. O-O Be7 7. Re1 b5 8. Bb3
d6 9. Bd5 Nxd5 10. exd5 Ne5 11. Nxd4 O-O 12. a4 Bg4 13. Qd2 Bd7 14. Nc3 b4 15.
Ne4 Qb8 16. f4 Ng4 17. b3 Qb7 18. Nf3 Bf6 19. Nxf6+ Nxf6 20. Rd1 Ne4 21. Qd4
Nc3 22. Rd2 Rfe8 23. Bb2 Re4 24. Qd3 Rae8 25. Bxc3 Re3 26. Qd4 bxc3 27. Rd3
Rxd3 28. Qxd3 Qb6+ 29. Kf1 Re3 30. Qc4 Bg4 31. Nd4 Re4 32. Re1 Rxf4+ 33. Nf3 g5
34. Qxc3 f6 35. Re3 Bh5 36. h3 Bf7 37. Qd2 h5 38. Ke1 g4 39. hxg4 hxg4 40. Nh2
Rd4 41. Qe2 f5 42. c4 Qc5 43. Nf1 Qa3 44. Re8+ Kg7 45. Re7 Qa1+ 46. Kf2 Rf4+
47. Kg1 Qd4+ 48. Qe3 Kf6 49. Qxd4+ Rxd4 50. Rxc7 f4 51. Rd7 g3 52. Rxd6+ Kf5
53. Rxa6 Rd1 54. Ra7 Bh5 55. Re7 f3 56. gxf3 Bxf3 57. Rg7 g2 58. Rxg2 Bxg2 59.
Kxg2 Rd3 60. b4 Ke5 61. a5 Kd4 62. b5 Kxc4 63. b6 Kxd5 64. a6 Kc6 65. b7 Kc7
66. Kf2 Ra3 67. Ne3 Rxa6 68. Kf3 Kxb7 {drawn at move 90.} 1/2-1/2

[Event "Berkeley International"]
[Site "Berkeley"]
[Date "2011.01.04"]
[Round "5"]
[White "Kuljasevic, Davorin"]
[Black "Holt, Conrad"]
[Result "0-1"]
[WhiteElo "2545"]
[BlackElo "2388"]
[PlyCount "122"]
[EventDate "2011.01.02"]
[EventRounds "10"]
[EventCountry "USA"]
[SourceDate "2011.01.03"]

1. d4 d5 2. c4 c6 3. Nf3 Nf6 4. Nc3 dxc4 5. a4 Bf5 6. e3 e6 7. Bxc4 Bb4 8. O-O
O-O 9. Nh4 Bg4 10. f3 Bh5 11. g4 Nd5 12. Ng2 Bg6 13. Na2 Be7 14. e4 Nb6 15. Bb3
c5 16. a5 Nc8 17. d5 Qxa5 18. dxe6 Nc6 19. Be3 Nb6 20. Nc3 Rad8 21. exf7+ Bxf7
22. Bxf7+ Kxf7 23. Nd5 Qb5 24. Qc2 Nxd5 25. exd5 Rxd5 26. Qxh7 Qd3 27. Qe4 Rd7
28. Qa4 b5 29. Qa2+ Qd5 30. b3 Nb4 31. Qe2 Qd3 32. Qxd3 Nxd3 33. Ra5 Rb8 34.
Rb1 Bd8 35. Ra2 Bb6 36. Rc2 Re8 37. Kf1 Rde7 38. Bg5 Rc7 39. Nf4 Nxf4 40. Bxf4
Rd7 41. Rd2 Rxd2 42. Bxd2 a5 43. h4 b4 44. h5 Ra8 45. Ra1 Ke6 46. Ke2 Kd5 47.
Kd3 Rd8 48. Bg5 Rd7 49. Kc2 Rf7 50. Rd1+ Kc6 51. f4 Kb5 52. f5 a4 53. bxa4+
Kxa4 54. Rd6 b3+ 55. Kb2 Bc7 56. Re6 c4 57. Bd2 Rd7 58. Bc3 Bd6 59. Rxd6 Rxd6
60. Bxg7 Rd2+ 61. Kc1 c3 0-1

[Event "Berkeley International"]
[Site "Berkeley"]
[Date "2011.01.04"]
[Round "5"]
[White "Lobo, Richard"]
[Black "Rensch, Daniel"]
[Result "0-1"]
[WhiteElo "2262"]
[BlackElo "2393"]
[PlyCount "76"]
[EventDate "2011.01.02"]
[EventRounds "10"]
[EventCountry "USA"]
[SourceDate "2011.01.03"]

1. c4 Nf6 2. Nf3 e6 3. Nc3 d5 4. d4 Be7 5. Bg5 O-O 6. e3 c6 7. Bd3 Nbd7 8. O-O
Re8 9. Qc2 a6 10. cxd5 exd5 11. Bf4 Nf8 12. h3 Ng6 13. Bh2 Bd6 14. Bxd6 Qxd6
15. Rab1 Qe7 16. b4 Ne4 17. Na4 Bf5 18. Nc5 Rad8 19. a4 Rd6 20. b5 axb5 21.
axb5 Bxh3 22. bxc6 Bxg2 23. Bxe4 dxe4 24. Nh2 Bxf1 25. Nxf1 Rxc6 26. Ng3 Qc7
27. Qb3 Nh4 28. Qxb7 Qxb7 29. Rxb7 f5 30. Kf1 g6 31. Ne2 Rf6 32. Nf4 Rf7 33.
Rb6 Ra8 34. Nfe6 Rfa7 35. Kg1 g5 36. Kh2 Nf3+ 37. Kg3 Ra1 38. Nxg5 Rg1+ 0-1

[Event "Berkeley International"]
[Site "Berkeley"]
[Date "2011.01.04"]
[Round "5"]
[White "Milman, Lev"]
[Black "Uesugi, Shinsaku"]
[Result "1-0"]
[WhiteElo "2467"]
[BlackElo "2331"]
[PlyCount "59"]
[EventDate "2011.01.02"]
[EventRounds "10"]
[EventCountry "USA"]
[SourceDate "2011.01.03"]

1. e4 c5 2. Nf3 Nc6 3. d4 cxd4 4. Nxd4 Nf6 5. Nc3 e5 6. Ndb5 d6 7. Bg5 a6 8.
Na3 b5 9. Bxf6 gxf6 10. Nd5 f5 11. c3 Bg7 12. Bd3 Be6 13. O-O O-O 14. Nc2 Bxd5
15. exd5 Ne7 16. Qh5 e4 17. Be2 Qc8 18. Rad1 Ng6 19. f4 exf3 20. Rxf3 Re8 21.
Bd3 Qc5+ 22. Kh1 Qxd5 23. Ne3 Qc5 24. Nxf5 Re5 25. Rdf1 Rae8 26. Rh3 Kf8 27.
Qf3 Re1 28. Nxg7 Ne5 29. Rxe1 Nxf3 30. Rxe8+ 1-0

[Event "Berkeley International"]
[Site "Berkeley"]
[Date "2011.01.04"]
[Round "5"]
[White "Naroditsky, Daniel"]
[Black "Panchanathan, Magesh"]
[Result "1/2-1/2"]
[WhiteElo "2419"]
[BlackElo "2537"]
[PlyCount "125"]
[EventDate "2011.01.02"]
[EventRounds "10"]
[EventCountry "USA"]
[SourceDate "2011.01.03"]

1. e4 e5 2. Nf3 Nc6 3. Bb5 a6 4. Ba4 Nf6 5. d3 d6 6. c3 g6 7. Bg5 h6 8. Bh4 Bg7
9. Nbd2 O-O 10. Nf1 Ne7 11. Ne3 c6 12. Bc2 Nh5 13. O-O Qc7 14. d4 b5 15. Qd2
Bb7 16. Rfd1 Rad8 17. a4 Nf4 18. Bg3 Bc8 19. axb5 axb5 20. Ra8 Ne6 21. Qc1 Bb7
22. Rxd8 Rxd8 23. dxe5 dxe5 24. Rxd8+ Nxd8 25. Ng4 f6 26. Nxh6+ Kf8 27. Ng4 Bc8
28. Ne3 Bh6 29. Bh4 Kg7 30. Qd1 Be6 31. h3 Bxe3 32. fxe3 Nf7 33. Qf1 Ng8 34.
Qa1 Nd6 35. Bg3 Nc4 36. Bb3 Bf7 37. Bxc4 Bxc4 38. Qa6 Ne7 39. Qa3 c5 40. Nd2
Be6 41. Qa6 Qc6 42. Qa7 Qd6 43. Nf3 Bd7 44. Kh2 Bc6 45. Qb6 Nc8 46. Qa6 Qd7 47.
Qa3 c4 48. Qc5 Bb7 49. Bh4 Qc6 50. Qb4 Nd6 51. Bg3 Nf7 52. Bh4 Qd7 53. b3 cxb3
54. Qxb3 Bxe4 55. Ne1 Nd6 56. Qb4 g5 57. Bg3 Kg6 58. Qc5 Nc4 59. Qf8 Nxe3 60.
Qg8+ Kh6 61. Qh8+ Kg6 62. Qg8+ Kh5 63. Qh8+ 1/2-1/2

[Event "Berkeley International"]
[Site "Berkeley"]
[Date "2011.01.04"]
[Round "5"]
[White "Ris, Robert"]
[Black "Liou, Yian"]
[Result "1-0"]
[WhiteElo "2418"]
[BlackElo "2285"]
[PlyCount "89"]
[EventDate "2011.01.02"]
[EventRounds "10"]
[EventCountry "USA"]
[SourceDate "2011.01.03"]

1. d4 d5 2. c4 c6 3. Nf3 Nf6 4. Nc3 a6 5. g3 Bf5 6. Bg2 e6 7. Nh4 Bg4 8. h3 Bh5
9. g4 Bg6 10. Qb3 Ra7 11. Nxg6 hxg6 12. g5 Nfd7 13. e4 dxc4 14. Qxc4 b5 15. Qe2
Be7 16. h4 Nb6 17. a4 Rd7 18. axb5 cxb5 19. d5 exd5 20. Nxd5 Bc5 21. Bh3 Rb7
22. Nf4 Re7 23. e5 Bd6 24. e6 O-O 25. h5 Bxf4 26. Bxf4 Qd5 27. O-O Nc6 28. Rad1
Qc4 29. Qxc4 Nxc4 30. hxg6 fxe6 31. Bd6 Ree8 32. Bxf8 Kxf8 33. b3 N4e5 34. f4
Nxg6 35. Rd6 Nd8 36. f5 Ne5 37. fxe6+ Ke7 38. Rxa6 Ndc6 39. Rb6 Nd8 40. Rxb5
Nec6 41. Rd5 Rh8 42. Rd7+ Ke8 43. Bf5 Ne7 44. Rfd1 Ndc6 45. Ra1 1-0

[Event "Berkeley International"]
[Site "Berkeley"]
[Date "2011.01.04"]
[Round "5"]
[White "Sandberg, Evan"]
[Black "Troff, Kayden"]
[Result "0-1"]
[WhiteElo "2173"]
[BlackElo "2247"]
[PlyCount "68"]
[EventDate "2011.01.02"]
[EventRounds "10"]
[EventCountry "USA"]
[SourceDate "2011.01.03"]

1. e4 c5 2. Nf3 g6 3. Nc3 Bg7 4. g3 d6 5. d4 cxd4 6. Nxd4 Nc6 7. Be3 Nf6 8. h3
Bd7 9. Bg2 Rc8 10. Qe2 O-O 11. Rd1 Ne5 12. O-O Nc4 13. Bc1 Qb6 14. Nb3 Be6 15.
Nd5 Bxd5 16. exd5 Nh5 17. Kh2 Nxb2 18. Rde1 Nc4 19. Qxe7 Ne5 20. Qh4 Rxc2 21.
Bg5 Rxf2 22. Kh1 Rxa2 23. g4 Nf6 24. Rxf6 Qxb3 25. Ref1 Bxf6 26. Bxf6 Qb2 27.
Qg3 Rc8 28. Rg1 Rc1 29. Rxc1 Qxc1+ 30. Kh2 Qb2 31. g5 Ra3 32. Qf4 Qe2 33. Qc1
Nf3+ 34. Kg3 Qe1+ 0-1

[Event "Berkeley International"]
[Site "Berkeley"]
[Date "2011.01.04"]
[Round "5"]
[White "Shivaji, Shivkumar"]
[Black "Yang, Darwin"]
[Result "1/2-1/2"]
[WhiteElo "2303"]
[BlackElo "2421"]
[PlyCount "89"]
[EventDate "2011.01.02"]
[EventRounds "10"]
[EventCountry "USA"]
[SourceDate "2011.01.03"]

1. e4 e6 2. d3 d5 3. Qe2 dxe4 4. dxe4 e5 5. Nf3 Nc6 6. c3 f6 7. Be3 Be6 8. Qc2
Qd7 9. Nbd2 Nh6 10. h3 Nf7 11. Qa4 Bd6 12. b4 O-O 13. Bb5 Be7 14. Rd1 Nd6 15.
Nb3 a6 16. Bxc6 Qxc6 17. Qxc6 bxc6 18. Nfd2 Nb7 19. O-O a5 20. a3 axb4 21. axb4
Ra3 22. Rb1 Rd8 23. Rfc1 g6 24. Kf1 Kf7 25. Ke1 f5 26. exf5 gxf5 27. g3 h5 28.
h4 Rd7 29. Nc5 Nxc5 30. bxc5 Ra2 31. Ra1 Rb2 32. Rab1 Ra2 33. Ra1 Rxa1 34. Rxa1
Bf6 35. Ra6 e4 36. Rxc6 Bxc3 37. Bf4 Bb4 38. Kd1 Bb3+ 39. Kc1 Bd5 40. Rh6 Bxc5
41. Rxh5 Bxf2 42. Rxf5+ Kg6 43. Rg5+ Kf7 44. Rf5+ Kg6 45. Rg5+ 1/2-1/2